000
00311nam a22001457a 4500
008
231124b ||||| |||| 00| 0 eng d
020
_a
9780813121512
041
_a
eng
080
_a
159.9
082
_a
159.9BEA
100
_a
25
101
_a
PSI
245
_a
SISTERS IN PAIN
_c
BEATTIE.E
942
_2
udc
_c
BK
999
_c
60500
_d
60500